00000000cam 2200000zi 4500
0019.939943
003CaOODSP
00520260429140104
006m     o  d f      
007cr mn|||||||||
008240627t20242024onca    obu  f000 0 fre d
020 |a9780660725567
040 |aCaOODSP|bfre|erda|cCaOODSP
043 |an-cn---
0861 |aT52-4/255-2024F-PDF
24500|aNorme de formation des agents de bord.
250 |aTroisième édition.
264 1|a[Ottawa] : |bTransports Canada = Transport Canada, |c2024.
264 4|c©2024
300 |a1 ressource en ligne (145 pages) : |billustrations
336 |atexte|btxt|2rdacontent/fre
337 |ainformatique|bc|2rdamedia/fre
338 |aressource en ligne|bcr|2rdacarrier/fre
500 |aPublié aussi en anglais sous le titre : Flight attendant training standard.
500 |aLe fichier de publication en format PDF a été remplacé le 30-01-2026 à la requête de Transports Canada.
500 |a« TP 12296F (12/2025). »
500 |a« En vigueur le 1er décembre 2025. »
504 |aComprend des références bibliographiques.
520 |a« Le présent manuel est intitulé Norme de formation des agents de bord dans les articles 705.109 et 705.124 du Règlement de l'aviation canadien (RAC). Il présente et définit les normes, les politiques, les procédures et les directives qui s'appliquent à l'élaboration d'un programme de formation des agents de bord d'un exploitant aérien. Il est destiné aux exploitants aériens et aux inspecteurs de la sécurité de l'aviation civile de Transports Canada. La Norme de formation des agents de bord détermine les sujets que doit aborder le programme de formation des agents de bord d'un exploitant aérien. Compte tenu du grand nombre de variables intervenant dans les opérations de vol applicables aux agents de bord, il est difficile de prescrire une solution pour chaque situation susceptible de se produire. Par conséquent, les exploitants aériens doivent élaborer leur programme de formation des agents de bord applicable à leurs activités, en y incluant au besoin toute information supplémentaire » -- Avant, page 3.
650 6|aAgents de bord|xFormation|xNormes|zCanada.
650 6|aAéronautique|xSécurité|xMesures|xNormes|zCanada.
655 7|aNormes|2rvmgf
7101 |aCanada. |bTransports Canada, |eorganisme de publication.
77508|tFlight attendant training standard.|w(CaOODSP)9.939942
795 |tNorme de formation des agents de bord.|bDeuxième édition|w(CaOODSP)9.962369
85640|qPDF|s865 Ko|uhttps://publications.gc.ca/collections/collection_2024/tc/T52-4-255-2024-fra.pdf
986 |aTP 12296F